Quốc hội khóa I (1946), chuyện về kỳ họp thứ nhất : Kỷ niệm 70 năm Quốc hội đầu tiên nước Việt Nam Dân Chủ Cộng Hòa

Nội dung sách giới thiệu những bài phát biểu của các đồng chí lãnh đạo Đảng, Nhà nước, thành phần Chính phủ, Quốc hội tại kỳ họp đầu tiên Quốc hội khóa I, năm 1946. Những mẫu chuyện trong kỳ họp đầu tiên của nước Việt Nam Dân chủ Cộn...

Full beskrivning

Sparad:
Bibliografiska uppgifter
Huvudupphovsman: Hà, Minh Hồng
Materialtyp: Bok
Språk:Undetermined
Publicerad: Thành phố Hồ Chí Minh Tổng hợp Thành phố Hồ Chí Minh 2017
Ämnen:
Taggar: Lägg till en tagg
Inga taggar, Lägg till första taggen!
Thư viện lưu trữ: Trung tâm Học liệu Trường Đại học Cần Thơ
LEADER 01570nam a2200229Ia 4500
001 CTU_225476
008 210402s9999 xx 000 0 und d
082 |a 328.597 
082 |b H455/T.2 
100 |a Hà, Minh Hồng 
245 0 |a Quốc hội khóa I (1946), chuyện về kỳ họp thứ nhất : 
245 0 |b Kỷ niệm 70 năm Quốc hội đầu tiên nước Việt Nam Dân Chủ Cộng Hòa 
245 0 |c Hà Minh Hồng (chủ biên) ; Trần Thuận ... [et al.] 
260 |a Thành phố Hồ Chí Minh 
260 |b Tổng hợp Thành phố Hồ Chí Minh 
260 |c 2017 
520 |a Nội dung sách giới thiệu những bài phát biểu của các đồng chí lãnh đạo Đảng, Nhà nước, thành phần Chính phủ, Quốc hội tại kỳ họp đầu tiên Quốc hội khóa I, năm 1946. Những mẫu chuyện trong kỳ họp đầu tiên của nước Việt Nam Dân chủ Cộng hòa năm 1946. Những mẫu chuyện về các đại biểu như: đại biểu nữ đầu tiên, các đại biểu Miền Nam trên đường đi họp Quốc hội bị hy sinh như Điểu Xiểng, Phạm Văn Búng, Hoàng Minh Châu của Đồng Nai... 
650 |a Cơ quan lập pháp,Legislative bodies 
650 |x Lịch sử,History 
650 |z Việt Nam,Vietnam 
910 |b dqhieu 
980 |a Trung tâm Học liệu Trường Đại học Cần Thơ